| 000 | 00801nam a22002297a 4500 | ||
|---|---|---|---|
| 005 | 20120604123616.0 | ||
| 008 | 120604t xxu||||| |||| 00| 0 eng d | ||
| 010 | _aENG-105422 | ||
| 020 |
_a9788191064223 _c225.00 |
||
| 035 | _aEN-88955 | ||
| 037 | _bDBAD/PUB | ||
| 040 |
_aDPL _bEng |
||
| 082 | _a658.84 | ||
| 100 |
_aDhawan, Nidhi _948416 |
||
| 245 |
_aIntroduction to e-commerce / _cby Nidhi Dhawan |
||
| 250 | _a2nd ed | ||
| 260 |
_aNew Delhi _bInternational Book House _c2012(repr.) |
||
| 270 |
_a2/42, Ansari Road, Darya Ganj _bNew Delhi _e110002 |
||
| 300 |
_a276p. : _bill. _c24cm(pbk) |
||
| 942 |
_2ddc _cEN _h658.84 _mDHA |
||
| 999 |
_c67472 _d67472 |
||